000 00647nam a2200241Ia 4500
003 OSt
005 20221007105925.0
006 a|||||r|||| 00| 0
007 ta
008 221006b |||||||| |||| 00| 0 eng d
024 _a19,906
037 _cTextual
040 _aLCO
_cLCO
_beng
041 _2eng
_aeng
082 _aZ2,181, K7
100 _aKoontz Harold
245 0 _aBoard of Directors and Effective Management
260 _aNew
_bYork Mcgraw-hill Book Co. USA
_c1967
300 _a275
650 _aDIRECTORS AND MANAGEMENT
_9706965
942 _hZ2,181, K7
_cTEXL
999 _c1189469
_d1189469